Rozpoznaj grę video po głównej postaci #1 - Statystyki

Ogólne statystyki
  • Ten quiz został rozwiązany 426 razy
  • Średni wynik to 12 z 40
Statystyki odpowiedzi
Lp Imię postaci Gra/Seria z której pochodzi % Poprawnych
22 Geralt z Rivii Wiedźmin
94%
5 Kratos God of War
81%
3 Nathan Drake Uncharted
75%
20 Agent 47 Hitman
70%
26 Lara Croft Tomb Raider
70%
1 Tommy Vercetti Grand Theft Auto: Vice City
55%
4 Gordon Freeman Half Life
55%
13 Ezio Auditore da Firenze Assassin's Creed II / Assassin's Creed Brotherhood / Assassin's Creed Revelations
46%
18 William J. Blazkowicz Wolfenstein
46%
7 Solid Snake Metal Gear Solid
45%
39 Isaac The Binding of Isaac
44%
8 Master Chief Halo
43%
9 Commander Shepard Mass Effect
41%
11 Link The Legend of Zelda
39%
36 Dovahkiin The Elder Scrolls V: Skyrim
37%
10 Dante Devil May Cry
31%
31 John Marston Red Dead Redemption
31%
28 Aloy Horizon: Zero Dawn
26%
12 Leon S. Kennedy Resident Evil 2 / Resident Evil 4 / Resident Evil 6
26%
17 Sackboy Little Big Planet
25%
2 Sam Fisher Splinter Cell
22%
34 Aiden Pearce Watch_Dogs
21%
14 Kazuma Kiryu Yakuza
18%
33 Darth Revan Star Wars: Knights of the Old Republic
15%
6 Marcus Phoenix Gears of War
14%
16 Cloud Strife Final Fantasy VII
13%
27 War Darksiders
12%
30 Samus Aran Metroid
11%
32 Chell Portal
9%
21 Harry Mason Silent Hill
9%
37 Booker Dewitt Bioshock Infinite
6%
15 Simon Belmont Castlevania
6%
35 Larry Laffer Leisure Suit Larry
5%
29 Ryu Hayabusa Ninja Gaiden
4%
38 Pitfall Harry Pitfall
4%
24 Inkling Splatoon
4%
19 Bill Rizer / Lance Bean Contra
3%
25 Ness Earthbound
2%
23 Kat Gravity Rush
1%
40 Christopher Stone Freedom Fighters
0%
Nie znaleziono quizów pasujących do podanych kryteriów
Rozkład punktacji
Procent ludzi z każdym wynikiem
Percentyl według liczby udzielonych odpowiedzi
Twoja historia wyników
Nie rozwiązałeś tego quizu